000 00316nam a22001337a 4500
008 180310b xxu||||| |||| 00| 0 eng d
020 _a0910990646
041 _aeng
080 _a621
100 _a27
101 _aMEK
245 _aGuide to Basic Auto Repair and Maintenance
_cPopular Mechanics
942 _2udc
_cBK
999 _c44654
_d44654